"Y todo un coro infantil va cantando la lección..." : la poesía en la escuela y la escuela en la poesía /

Detalles Bibliográficos
Autores principales: Lomas, Carlos (Autor), Jurado Valencia, Fabio (Autor)
Formato: Electrónico eBook
Lenguaje:español
Publicado: Bogotá : Editorial Aula de Humanidades, 2023.
Edición:Segunda edición.
Colección:Colección Lenguajes (Editorial Aula de Humanidades). Ensayo.
Materias:
Acceso en línea:Digitalia Hispánica

MARC

LEADER 00000nam a2200000 i 4500
001 DIGAUHUM0018
003 NyNyDIG
007 cr |||||||||||
008 241210s2023 ck a ob 000 0 spa d
006 m o d
035 |a (OCoLC)1478203748 
040 |a DGITA  |b eng  |e rda  |e pn  |c DGITA 
020 |a 9786287625778  |q (versión digital) 
020 |z 9786287625761  |q (versión impresa) 
050 1 4 |a PN1101 ebook 
100 1 |a Lomas, Carlos,  |e author. 
245 1 0 |a "Y todo un coro infantil va cantando la lección..." :  |b la poesía en la escuela y la escuela en la poesía /  |c Carlos Lomas y Fabio Jurado. 
250 |a Segunda edición. 
264 1 |a Bogotá :  |b Editorial Aula de Humanidades,  |c 2023. 
300 |a 1 online resource :  |b illustrations. 
336 |a text  |b txt  |2 rdacontent 
337 |a computer  |b c  |2 rdamedia 
338 |a online resource  |b cr  |2 rdacarrier 
347 |a text file  |2 rdaft 
347 |b PDF 
490 1 |a Colección: Lenguajes - Ensayo 
504 |a Includes bibliographical references. 
588 0 |a Online resource; title from PDF title page (Digitalia, viewed December 10, 2024) 
650 0 |a Poetry  |x Study and teaching (Elementary) 
700 1 |a Jurado Valencia, Fabio,  |e author. 
791 2 |a Digitalia (Firm),  |e distributor. 
793 0 |g Digitalia eBook Collection:  |a Editorial Aula de Humanidades 
776 0 8 |i Print version:  |a Lomas, Carlos.  |t "Y todo un coro infantil va cantando la lección".  |b Segunda edición.  |d Bogotá : Editorial Aula de Humanidades, [2023]  |z 9786287625761 
830 0 |a Colección Lenguajes (Editorial Aula de Humanidades).  |p Ensayo. 
856 4 0 |3 Digitalia Hispánica  |u https://www.digitaliapublishing.com/a/159394/ 
910 |a Premium collection: 2024